Women and Human development: the capabilities approach
Saved in:
| Main Author: | |
|---|---|
| Format: | Text |
| Published: |
New York:
Cambridge University Press
|
| Subjects: | |
| Tags: |
Add Tag
No Tags, Be the first to tag this record!
|
MARC
| LEADER | 00000 a a2200000 04500 | ||
|---|---|---|---|
| 001 | 31153 | ||
| 003 | |||
| 040 | |||
| 020 | |a 0-521-00385-7 | ||
| 090 | |a 197701 | ||
| 100 | |a Nussbaum, Martha C. | ||
| 245 | |a Women and Human development: the capabilities approach | ||
| 260 | |a New York: |b Cambridge University Press | ||
| 300 | |a 303 p. | ||
| 650 | |a ANALISIS TRANSCULTURAL | ||
| 650 | |a VALORES SOCIALES | ||
| 650 | |a STATUS DE LA MUJER | ||
| 650 | |a APTITUDES | ||
| 650 | |a FEMENISMO | ||
| 650 | |a INDIA | ||
| 999 | |c 17194 |d 17194 | ||



